Stazioni ferroviarie di Roma - Statistics

Statistiche generali
  • Questo quiz è stato fatto 194 volte
    191 dall'ultimo reset
  • Il punteggio medio è 26 su 83
Risposte nella Mappa
Le risposte nella mappa del quiz sottostante sono codificate secondo una scala di colori dal rosso al verde in base alla % di persone che hanno risposto correttamente.
 
Statistiche sulle risposte
Stazioni % Corretto
Termini
98%
Tiburtina
93%
Ostiense
79%
San Pietro
73%
Trastevere
69%
Tuscolana
65%
Flaminio
52%
Centocelle
48%
Acilia
46%
Aurelia
45%
Magliana
45%
Nomentana
44%
Valle Aurelia
43%
Settebagni
42%
Fiera di Roma
41%
Ostia antica
41%
Balduina
40%
Porta San Paolo
40%
Prenestina
39%
Saxa Rubra
39%
Stella Polare
39%
Cristoforo Colombo
38%
Euclide
35%
EUR Magliana
35%
Quattro Venti
35%
Cesano di Roma
33%
Gemelli
33%
Monte Mario
33%
Basilica San Paolo
32%
La Storta
32%
Capannelle
31%
Acqua Acetosa
30%
Appiano
30%
Castel Fusano
30%
Fidene
29%
Ponte Galeria
29%
Serenissima
29%
Vigna Clara
29%
Villa Bonelli
29%
Togliatti
28%
Vitinia
28%
Lunghezza
27%
Tor Sapienza
27%
Nuovo Salario
26%
Olgiata
26%
Tor di Valle
26%
La Giustiniana
25%
La Giustiniana
25%
Ottavia
25%
Torricola
25%
Campi Sportivi
24%
Centro RAI
24%
Ipogeo degli Ottavi
23%
Lido di Ostia Centro
23%
Porta Maggiore
23%
San Filippo Neri
23%
Tor di Quinto
23%
Torpignattara
23%
Casal Bernocchi - Centro Giano
21%
Labaro
21%
Lido di Ostia Nord
21%
La Rustica UIR
20%
Prima Porta
20%
Sacrofano
20%
Montebello
19%
La Rustica Città
18%
Muratella
18%
Santa Bibiana
17%
Grottarossa
16%
Ponte di Nona
16%
Termini Laziali
16%
Salone
15%
Sant'Elena
15%
Alessi
13%
Balzani
13%
Berardi
13%
Colle Mattia
13%
Due Ponti
13%
Filarete
13%
Monte Antenne
13%
Ponte Casilino
13%
La Celsa
12%
Villini
12%
Nessun quiz corrispondente trovato
Distribuzione punteggi
Percentuale di utenti per punteggio
Percentile per numero di risposta
I tuoi punteggi nel tempo
Non hai fatto questo quiz dall'ultimo reset